[Event "AUTO-OPEN-648"]
[Site "http://www.queenalice.com/game.php?id=206792"]
[Date "2007.5.6"]
[Round "1"]
[White "kako"]
[Black "westcork"]
[Result "1-0"]
[WhiteElo "1546"]
[BlackElo "1455"]

1. d4 d5 2. Nc3 Nc6 3. Bf4 Bf5 4. Nb5 Rc8 5. Nxc7+ Rxc7 6. Bxc7 Qxc7 7. a3 Qa5+
8. c3 Nxd4 9. Qxd4 e6 10. e3 b5 11. Qd1 Bc5 12. b4 Qa4 13. Qxa4 bxa4 14. Bb5+
Ke7 15. bxc5 Nf6 16. Nf3 Ne4 17. Bxa4 Nxc3 18. Bb3 Rb8 19. Nd4 Rc8 20. Nxf5+ 1-0

[Event "AUTO-OPEN-648"]
[Site "http://www.queenalice.com/game.php?id=206793"]
[Date "2007.5.6"]
[Round "1"]
[White "westcork"]
[Black "kako"]
[Result "0-1"]
[WhiteElo "1438"]
[BlackElo "1558"]

1. d4 d5 2. Nf3 Nf6 3. Nc3 Nc6 4. e3 Ne4 5. Nxe4 dxe4 6. Ng1 e5 7. Ne2 exd4 8.
exd4 Bg4 9. c3 Be7 10. h3 Bf5 11. g4 Bc8 12. Be3 Na5 13. Nf4 b6 14. b4 Nb7 15.
a3 O-O 16. Qd2 Nd6 17. Rc1 b5 18. Nd5 Bh4 19. c4 Bb7 20. c5 Nc4 21. Bxc4 bxc4
22. Ne7+ Qxe7 0-1

[Event "AUTO-OPEN-648"]
[Site "http://www.queenalice.com/game.php?id=206818"]
[Date "2007.5.6"]
[Round "1"]
[White "tupifc"]
[Black "westcork"]
[Result "1-0"]
[WhiteElo "1806"]
[BlackElo "1494"]

1. e4 e5 2. Nf3 Nc6 3. Bc4 Nf6 4. d3 d5 5. exd5 Nxd5 6. Bxd5 Qxd5 7. Nc3 Qd8 8.
h3 Bc5 9. O-O O-O 10. Nh2 Re8 11. Qf3 f6 12. Qg3 Re7 13. Ng4 Bxg4 14. Qxg4 Qd4
15. Ne4 Rf7 16. Qg3 Raf8 17. Bh6 f5 18. Nf6+ Kh8 19. Nxh7 gxh6 20. Nxf8 Bxf8 21.
Qg6 Qd5 22. c4 Qxd3 23. Qxf7 Qd6 24. Qxf5 Nd4 25. Qe4 b6 26. Rad1 Bg7 27. b3 c5
28. Qd5 Qxd5 29. cxd5 Kg8 30. f4 1-0

[Event "AUTO-OPEN-648"]
[Site "http://www.queenalice.com/game.php?id=206819"]
[Date "2007.5.6"]
[Round "1"]
[White "westcork"]
[Black "tupifc"]
[Result "0-1"]
[WhiteElo "1488"]
[BlackElo "1810"]

1. e4 e5 2. Nf3 d6 3. Nc3 Bg4 4. Be2 Nc6 5. a3 Nf6 6. O-O Be7 7. d3 a6 8. h3 Bh5
9. g4 Bg6 10. Bg5 h6 11. Bxf6 Bxf6 12. Nd5 O-O 13. Qd2 Nd4 14. Nxd4 exd4 15. Qb4
b5 16. a4 c5 17. Qd2 Bg5 18. Qe1 b4 19. f4 Bh4 20. Qb1 f6 21. Qc1 Qd7 22. Nb6
Qb7 23. Nxa8 Qxa8 24. b3 d5 25. e5 fxe5 26. fxe5 Bg3 27. e6 Qb8 28. Rxf8+ Qxf8
0-1

[Event "AUTO-OPEN-648"]
[Site "http://www.queenalice.com/game.php?id=206836"]
[Date "2007.5.6"]
[Round "1"]
[White "westcork"]
[Black "rsgaspar"]
[Result "0-1"]
[WhiteElo "1515"]
[BlackElo "1622"]

1. d4 d5 2. Nf3 e6 3. Nc3 h6 4. e4 dxe4 5. Nxe4 Nf6 6. Nxf6+ Qxf6 7. Ne5 Nd7 8.
Nxd7 Bxd7 9. Be2 Bc6 10. Be3 Bxg2 11. Rg1 Bd5 12. b3 Bd6 13. Rf1 Bxh2 14. Qd3
Bg2 15. Qb5+ c6 16. Qxb7 O-O 17. O-O-O Bxf1 18. Rxf1 Bf4 19. Qxc6 Qf5 20. Bd3
Bxe3+ 21. Kb2 Bxd4+ 22. Kb1 Qf4 23. f3 Rfc8 24. Qe4 Qxe4 25. fxe4 a5 26. Rd1 h5
27. e5 Bxe5 28. a4 g5 29. Rf1 h4 0-1

[Event "AUTO-OPEN-648"]
[Site "http://www.queenalice.com/game.php?id=206837"]
[Date "2007.5.6"]
[Round "1"]
[White "rsgaspar"]
[Black "westcork"]
[Result "1-0"]
[WhiteElo "1618"]
[BlackElo "1555"]

1. e4 e5 2. Nf3 Nc6 3. Bc4 Nf6 4. d3 d5 5. exd5 Nxd5 6. c3 Bg4 7. h3 Bxf3 8.
Qxf3 Nf6 9. Bg5 Qe7 10. Bb5 Qd6 11. Nd2 O-O-O 12. Nc4 Qxd3 13. Nb6+ cxb6 14.
Bxd3 e4 15. Qf5+ Kb8 16. Bxe4 Nxe4 17. Bxd8 Nxd8 18. Qxe4 Bd6 19. O-O Ne6 20.
Rad1 Bc7 21. f4 g6 22. f5 Ng5 23. Qg4 Nxh3+ 24. gxh3 h5 25. Qd4 Re8 26. fxg6
fxg6 27. Qg7 1-0

[Event "AUTO-OPEN-649"]
[Site "http://www.queenalice.com/game.php?id=207140"]
[Date "2007.5.6"]
[Round "1"]
[White "CampbellMarcel"]
[Black "westcork"]
[Result "0-1"]
[WhiteElo "1275"]
[BlackElo "1442"]

1. e4 e5 2. Nf3 Nc6 3. Bc4 Nf6 4. Nc3 Bb4 5. Ng5 Bxc3 6. bxc3 Qe7 7. Bxf7+ Kf8
8. Qf3 h6 9. c4 hxg5 10. Bg6 d6 11. Ba3 Qe6 12. c5 Ke7 13. cxd6+ cxd6 14. Bf5
Qc4 15. c3 Bxf5 16. Qxf5 Raf8 17. Qxg5 Rfg8 18. f3 Qf7 19. O-O-O Rh5 20. Qe3 b6
21. g4 Rh3 22. d4 Qxa2 23. Bxd6+ Kxd6 24. dxe5+ Kxe5 25. f4+ Ke6 26. f5+ Ke5 27.
Qxh3 Qa1+ 28. Kc2 Qa2+ 29. Kd3 Rd8+ 30. Ke3 Nxe4 0-1

[Event "AUTO-OPEN-649"]
[Site "http://www.queenalice.com/game.php?id=207141"]
[Date "2007.5.6"]
[Round "1"]
[White "westcork"]
[Black "CampbellMarcel"]
[Result "0-1"]
[WhiteElo "1484"]
[BlackElo "1175"]

1. e4 c5 2. c4 Nc6 3. Nc3 d6 4. Nf3 Bg4 5. Be2 h5 6. h3 Bxf3 7. Bxf3 g6 8. O-O
Bg7 9. a3 Bxc3 10. bxc3 Ne5 11. Be2 Nf6 12. d3 Qa5 13. Bb2 b5 14. Qb3 a6 15.
cxb5 axb5 16. Qd5 Nxd5 17. exd5 c4 18. d4 Nd3 19. Bxd3 cxd3 20. Rfd1 b4 21. axb4
Qd8 22. Rab1 Ra2 23. Rxd3 O-O 24. Bc1 Kg7 25. b5 Re8 26. b6 Qa8 27. c4 Ra1 28.
b7 Qa7 29. Rdb3 Rxb1 30. Rxb1 Rb8 0-1

[Event "AUTO-OPEN-649"]
[Site "http://www.queenalice.com/game.php?id=207168"]
[Date "2007.5.6"]
[Round "1"]
[White "rubenov"]
[Black "westcork"]
[Result "1-0"]
[WhiteElo "1865"]
[BlackElo "1566"]

1. d4 d5 2. Bg5 f6 3. Bh4 g5 4. Bg3 h5 5. h3 h4 6. Bh2 Nc6 7. Nc3 a6 8. e3 Qd7
9. Bd3 f5 10. a3 Qe6 11. Bxc7 Bg7 12. Nf3 Bf6 13. Na4 f4 14. Nc5 Qf7 15. Ne5
Bxe5 16. dxe5 e6 17. Bd6 fxe3 18. fxe3 b6 19. Rf1 Qh5 20. Rf8# 1-0

[Event "AUTO-OPEN-649"]
[Site "http://www.queenalice.com/game.php?id=207169"]
[Date "2007.5.6"]
[Round "1"]
[White "westcork"]
[Black "rubenov"]
[Result "0-1"]
[WhiteElo "1578"]
[BlackElo "1880"]

1. e4 e5 2. Nf3 d6 3. Nc3 Nf6 4. d4 exd4 5. Nxd4 Be7 6. Bg5 h6 7. Bxf6 Bxf6 8.
Be2 O-O 9. O-O a6 10. Re1 Re8 11. Bf3 Nd7 12. Nd5 Ne5 13. h3 Nxf3+ 14. gxf3 Bxd4
15. Qxd4 Qh4 16. Nxc7 Bxh3 17. Nxa8 Qg5+ 0-1

[Event "AUTO-OPEN-649"]
[Site "http://www.queenalice.com/game.php?id=207186"]
[Date "2007.5.6"]
[Round "1"]
[White "waltc"]
[Black "westcork"]
[Result "1-0"]
[WhiteElo "1570"]
[BlackElo "1612"]

1. e4 e5 2. Nf3 Nc6 3. Bc4 Nf6 4. Ng5 d5 5. exd5 Nxd5 6. Nxf7 Kxf7 7. Qf3+ Ke6
8. Nc3 Ke7 9. Nxd5+ Kd6 10. c3 Qf6 11. Nxf6 gxf6 12. Qxf6+ 1-0

[Event "Let's Play Chess!"]
[Site "http://www.queenalice.com/game.php?id=213444"]
[Date "2007.5.19"]
[Round "-"]
[White "HHV"]
[Black "westcork"]
[Result "1-0"]
[WhiteElo "1350"]
[BlackElo "1425"]

1. e4 e5 2. Bc4 Nf6 3. d3 Nc6 4. Nf3 d5 5. exd5 Nxd5 6. Nc3 Nxc3 7. bxc3 Bg4 8.
h3 Bxf3 9. Qxf3 Qf6 10. Qxf6 gxf6 11. Rb1 b6 12. Bb5 Kd7 13. O-O a6 14. Bc4 1-0